000 00826nam a2200205 i 4500
001 bg
100 1 _aJONAS, Tadeusz
245 0 _aZnaczenie potencjału transmembranowego w procesach translokacji substancji przez błony biologiczne /
_cTadeusz Jonas ; Wyższa Szkoła Inżynierska w Zielonej Górze. Instytut Fizyki.
260 _aZielona Góra :
_bWydaw. WSI,
_c1991.
300 _a135 s. :
_bwykr. ;
_c24 cm.
490 1 _aMonografie / Wyższa Szkoła Inżynierka w Zielonej Górze,
_x0239-7390 ;
_vnr 53
504 _aBibliogr. s. 116-131.
710 _aWYŻSZA SZKOŁA INŻYNIERSKA (Zielona Góra). Instytut Fizyki
830 0 _aMonografie (Wyższa Szkoła Inżynierka w Zielonej Górze) ;
_vnr 53
040 _cBPK
041 _apol
080 _a577.3
942 _cKS
008 s pl f |000 0 pol
999 _c29786
_d29786
856 _uhttp://koha.tu.koszalin.pl/cgi-bin/koha/opac-detail.pl?biblionumber=29786
_yKatalog online BPK